LE SSERAFIM Songs by the English Lyrics - Statistics

General Stats
  • This quiz has been taken 829 times
  • The average score is 5 of 7
Answer Stats
Hint Answer % Correct
"Come and take a ride with me/I got a credit card and some good company" Perfect Night
86%
"I call it "sugar" (my sugar, sugar)" Smart
83%
"But we're still the best dressed" Eve, Psyche, and the Bluebeard's Wife
82%
"I go to ride 'til I die, die" Antifragile
73%
"Pull up and I rip it up like ballet" Easy
66%
"Yeah, what you want?" Unforgiven
60%
"Take the world, break it down, break it down, down" Fearless
56%
No matching quizzes found
Score Distribution
Percent of People with Each Score
Percentile by Number Answered
Your Score History
You have not taken this quiz